Đại số đại cương /

Sách cung cấp cho độc giả một cách tương đối đầy đủ, có hệ thống, các kiến thức cơ bản của Đại số, những kiến thức sâu sắc và có nhiều ứng dụng của bộ môn.

Spremljeno u:
Bibliografski detalji
Glavni autor: Mỵ Vinh Quang, PTS.
Format: Knjiga
Jezik:Vietnamese
Izdano: Hà Nội : Giáo dục, 1999.
Teme:
Oznake: Dodaj oznaku
Bez oznaka, Budi prvi tko označuje ovaj zapis!
Thư viện lưu trữ: Mạng thư viện Đại học Đà Nẵng
LEADER 01022cam a2200337 i 4500
001 000043556
003 1534
005 20030916102556.0
008 010217b1999 vm 000 vie
022 |a T 
040 |a IRC  |c IRC  |d IRC 
041 0 |a vie 
082 1 4 |a 512  |b MY-Q 
100 1 |a Mỵ Vinh Quang,  |c PTS. 
245 0 0 |a Đại số đại cương /  |c Mỵ Vinh Quang. 
260 |a Hà Nội :  |b Giáo dục,  |c 1999. 
300 |a 195tr. ;  |c 20.5cm. 
520 3 |a Sách cung cấp cho độc giả một cách tương đối đầy đủ, có hệ thống, các kiến thức cơ bản của Đại số, những kiến thức sâu sắc và có nhiều ứng dụng của bộ môn. 
630 0 4 |a Toán học. 
630 0 4 |a Đại số. 
650 0 4 |a Đại số học. 
OWN |a DUT 
999 |a From the UDN01 
TYP |a Monograph 
TYP |a Printed language 
980 |a Mạng thư viện Đại học Đà Nẵng